000 00386nam a2200181Ia 4500
005 20240823040522.0
008 240823s9999||||xx |||||||||||||| ||und||
041 _aTAMIL
082 _A158.1 Q2
100 _aLenin M
245 0 _aThannambikkai
250 _a1st
260 _c2012
_bSixth
500 _aYES
650 _aThanambikkai
_bGeneral
942 _cBK
999 _c203300
_d203300